Most Played Live - Billy Joel - Statistics

General Stats
  • This quiz has been taken 231 times
  • The average score is 7 of 20
Answer Stats
Answer % Correct
Piano Man
96%
Uptown Girl
77%
We Didn't Start the Fire
68%
Scenes From an Italian Restaurant
45%
Allentown
37%
New York State of Mind
37%
Only the Good Die Young
36%
The River of Dreams
33%
She's Always a Woman
31%
My Life
29%
Big Shot
27%
It's Still Rock and Roll to Me
26%
You May Be Right
26%
An Innocent Man
25%
Pressure
21%
Goodnight Saigon
17%
The Entertainer
17%
Prelude/Angry Young Man
13%
Don't Ask Me Why
12%
Movin Out (Anthony's Song)
5%
No matching quizzes found
Score Distribution
Percent of People with Each Score
Percentile by Number Answered
Your Score History
You have not taken this quiz